<?xml version="1.0" encoding="UTF-8"?>
<record
    xmlns:xsi="http://www.w3.org/2001/XMLSchema-instance"
    xsi:schemaLocation="http://www.loc.gov/MARC21/slim http://www.loc.gov/standards/marcxml/schema/MARC21slim.xsd"
    xmlns="http://www.loc.gov/MARC21/slim">

  <leader>02678nam a2200457 i 4500</leader>
  <controlfield tag="001">000049191</controlfield>
  <controlfield tag="003">DO-SdBNP</controlfield>
  <controlfield tag="005">20250227073855.0</controlfield>
  <controlfield tag="007">ta</controlfield>
  <controlfield tag="008">190726e2017    dr ao  gr     001 edspa d</controlfield>
  <datafield tag="020" ind1=" " ind2=" ">
    <subfield code="a">9789945582536 (v.235)</subfield>
  </datafield>
  <datafield tag="022" ind1=" " ind2=" ">
    <subfield code="2">9789945443622 (serie)</subfield>
  </datafield>
  <datafield tag="040" ind1=" " ind2=" ">
    <subfield code="a">DO-SdBNP</subfield>
    <subfield code="b">spa</subfield>
    <subfield code="c">BNPHU</subfield>
    <subfield code="e">rda</subfield>
  </datafield>
  <datafield tag="082" ind1=" " ind2="4">
    <subfield code="b">M966p</subfield>
    <subfield code="2">22</subfield>
  </datafield>
  <datafield tag="100" ind1="1" ind2=" ">
    <subfield code="a">Munnigh, Fidel</subfield>
    <subfield code="9">35003</subfield>
    <subfield code="d">1962-</subfield>
  </datafield>
  <datafield tag="245" ind1="1" ind2="0">
    <subfield code="a">Pensar la imagen, pensar la mirada /</subfield>
    <subfield code="c">Fidel Munnigh; Coordinador, Jos&#xE9; Alc&#xE1;ntara Alm&#xE1;nzar, Elvis Francis Soto; Ilustraciones, Miguel &#xC1;ngel Ram&#xED;rez Garc&#xED;a, Sarah Regina Miranda Garc&#xED;a, Jos&#xE9; Francisco Pelletier de Le&#xF3;n, Francisco Bladimir Vel&#xE1;zquez Matos, V&#xED;ctor Mariano Hern&#xE1;ndez Betances y otros.</subfield>
  </datafield>
  <datafield tag="264" ind1=" " ind2="1">
    <subfield code="a">Santo Domingo :</subfield>
    <subfield code="b">Banco Central de la Rep&#xFA;blica Dominicana,</subfield>
    <subfield code="c">2017.</subfield>
  </datafield>
  <datafield tag="300" ind1=" " ind2=" ">
    <subfield code="a">156 p&#xE1;ginas</subfield>
    <subfield code="b">ilustraciones, fotograf&#xED;as</subfield>
    <subfield code="c">24 cm.</subfield>
  </datafield>
  <datafield tag="336" ind1=" " ind2=" ">
    <subfield code="2">rdacontent</subfield>
    <subfield code="a">texto</subfield>
    <subfield code="b">txt</subfield>
  </datafield>
  <datafield tag="337" ind1=" " ind2=" ">
    <subfield code="2">rdamedia</subfield>
    <subfield code="a">sin mediaci&#xF3;n</subfield>
    <subfield code="b">n</subfield>
  </datafield>
  <datafield tag="338" ind1=" " ind2=" ">
    <subfield code="2">rdacarrier</subfield>
    <subfield code="a">volumen</subfield>
    <subfield code="b">nc</subfield>
  </datafield>
  <datafield tag="490" ind1=" " ind2=" ">
    <subfield code="a">Banco Central de la Rep&#xFA;blica Dominicana</subfield>
  </datafield>
  <datafield tag="490" ind1=" " ind2=" ">
    <subfield code="a">Arte y literatura;</subfield>
    <subfield code="v">242</subfield>
  </datafield>
  <datafield tag="500" ind1=" " ind2=" ">
    <subfield code="a">Incluye datos biogr&#xE1;ficos del autor en la solapa de la cubierta.</subfield>
  </datafield>
  <datafield tag="505" ind1=" " ind2=" ">
    <subfield code="a">Palabras del aurtor.</subfield>
    <subfield code="t">Uno.- Arte contempor&#xE1;neo: &#xBF;orden o caos?.--</subfield>
    <subfield code="t">Dos.- Pensar lo contempor&#xE1;neo.--</subfield>
    <subfield code="t">Tres.- (Re)pensar la cr&#xED;tica.--</subfield>
    <subfield code="t">Cuatro.- La cr&#xED;tica filos&#xF3;fica del arte: tres momentos.--</subfield>
    <subfield code="t">Cinco.- Pensar la cultura (Para una &#xE9;tic y una est&#xE9;tica de la praxis cultural).--</subfield>
    <subfield code="t">Seis.- Pensar el saber, pensar el sujeto.--</subfield>
    <subfield code="t">Siete.- Reino de la imagen (pensar las culturas visuales).--</subfield>
    <subfield code="t">Ocho.- Pensar el espacio (Espacios sagrados, Espacios profanos).--</subfield>
    <subfield code="t">Nueve.- Hiroshima Mon Amour: el di&#xE1;logo texto-imagen en libertad. Adenda.--</subfield>
    <subfield code="t">Diez.- El ensayo filos&#xF3;fico, zona de confluencia.--</subfield>
    <subfield code="t">Colecci&#xF3;n del Banco Central de Rep&#xFA;blica Dominicana.</subfield>
  </datafield>
  <datafield tag="590" ind1=" " ind2=" ">
    <subfield code="a">Inventariado, 2019/VM</subfield>
  </datafield>
  <datafield tag="600" ind1="1" ind2=" ">
    <subfield code="a">Munnigh, Fidel, </subfield>
    <subfield code="d">1962-</subfield>
    <subfield code="9">81368</subfield>
  </datafield>
  <datafield tag="650" ind1=" " ind2="0">
    <subfield code="a">Artes</subfield>
    <subfield code="x">Rep&#xFA;blica Dominicana</subfield>
    <subfield code="9">31065</subfield>
  </datafield>
  <datafield tag="650" ind1=" " ind2="4">
    <subfield code="a">Artes</subfield>
    <subfield code="9">30489</subfield>
    <subfield code="x">Cr&#xED;tica e Interpretaci&#xF3;n.</subfield>
  </datafield>
  <datafield tag="650" ind1=" " ind2="4">
    <subfield code="a">Filosof&#xED;a del Arte</subfield>
    <subfield code="9">7334</subfield>
    <subfield code="x">Ensayos</subfield>
  </datafield>
  <datafield tag="700" ind1="1" ind2=" ">
    <subfield code="a">Alc&#xE1;ntara Alm&#xE1;nzar, Jos&#xE9;</subfield>
    <subfield code="d">1946-</subfield>
    <subfield code="e">coordinador</subfield>
    <subfield code="9">7018</subfield>
  </datafield>
  <datafield tag="700" ind1="1" ind2=" ">
    <subfield code="9">39156</subfield>
    <subfield code="a">Soto, Elvis Francis</subfield>
    <subfield code="e">coordinador</subfield>
  </datafield>
  <datafield tag="700" ind1="1" ind2=" ">
    <subfield code="a">Ram&#xED;rez Garc&#xED;a, Miguel &#xC1;ngel </subfield>
    <subfield code="e">ilustraciones</subfield>
    <subfield code="9">81369</subfield>
  </datafield>
  <datafield tag="700" ind1="1" ind2=" ">
    <subfield code="a"> Miranda Garc&#xED;a, Sarah Regina</subfield>
    <subfield code="e">ilustraciones</subfield>
    <subfield code="9">81370</subfield>
  </datafield>
  <datafield tag="700" ind1="1" ind2=" ">
    <subfield code="a">Pellerier de Le&#xF3;n, Jos&#xE9; Francisco </subfield>
    <subfield code="e">ilustraciones</subfield>
    <subfield code="9">81371</subfield>
  </datafield>
  <datafield tag="700" ind1="1" ind2=" ">
    <subfield code="a">Vel&#xE1;zquez Matos, Francisco Bladimir </subfield>
    <subfield code="e">ilustraciones</subfield>
    <subfield code="9">81372</subfield>
  </datafield>
  <datafield tag="700" ind1="1" ind2=" ">
    <subfield code="a">V&#xED;ctor Mariano, Hern&#xE1;ndez Betances</subfield>
    <subfield code="e">ilustraciones</subfield>
    <subfield code="9">81373</subfield>
  </datafield>
  <datafield tag="700" ind1="1" ind2=" ">
    <subfield code="a">Pe&#xF1;a Arias, Johanne Diomares</subfield>
    <subfield code="e">ilustraciones</subfield>
    <subfield code="9">81374</subfield>
  </datafield>
  <datafield tag="910" ind1=" " ind2=" ">
    <subfield code="a">VMateo</subfield>
  </datafield>
  <datafield tag="942" ind1=" " ind2=" ">
    <subfield code="2">ddc</subfield>
    <subfield code="c">LBS1</subfield>
  </datafield>
  <datafield tag="952" ind1=" " ind2=" ">
    <subfield code="0">0</subfield>
    <subfield code="1">0</subfield>
    <subfield code="2">ddc</subfield>
    <subfield code="5">1</subfield>
    <subfield code="7">0</subfield>
    <subfield code="8">PD</subfield>
    <subfield code="a">BNPHU</subfield>
    <subfield code="b">BNPHU</subfield>
    <subfield code="c">HD</subfield>
    <subfield code="d">2019-10-25</subfield>
    <subfield code="e">Donado por Dominico Americano</subfield>
    <subfield code="l">0</subfield>
    <subfield code="o">BNPHU PD M966p</subfield>
    <subfield code="p">49192-10</subfield>
    <subfield code="r">2020-06-25</subfield>
    <subfield code="w">2020-06-25</subfield>
    <subfield code="y">LBS1</subfield>
  </datafield>
  <datafield tag="952" ind1=" " ind2=" ">
    <subfield code="0">0</subfield>
    <subfield code="1">0</subfield>
    <subfield code="2">ddc</subfield>
    <subfield code="5">1</subfield>
    <subfield code="7">0</subfield>
    <subfield code="8">PD</subfield>
    <subfield code="a">BNPHU</subfield>
    <subfield code="b">BNPHU</subfield>
    <subfield code="c">HD</subfield>
    <subfield code="d">2017-11-21</subfield>
    <subfield code="e">Donado por Banco Central de la Rep. Dom.</subfield>
    <subfield code="l">0</subfield>
    <subfield code="o">M966p</subfield>
    <subfield code="p">2021-25423</subfield>
    <subfield code="r">2020-06-25</subfield>
    <subfield code="t">e.2</subfield>
    <subfield code="w">2020-06-25</subfield>
    <subfield code="y">LBS1</subfield>
  </datafield>
  <datafield tag="952" ind1=" " ind2=" ">
    <subfield code="0">0</subfield>
    <subfield code="1">0</subfield>
    <subfield code="2">ddc</subfield>
    <subfield code="5">6</subfield>
    <subfield code="7">0</subfield>
    <subfield code="8">DS</subfield>
    <subfield code="a">BNPHU</subfield>
    <subfield code="b">BNPHU</subfield>
    <subfield code="c">HD</subfield>
    <subfield code="d">2018-09-18</subfield>
    <subfield code="e">Dep&#xF3;sito LegalEditora Centenario</subfield>
    <subfield code="l">0</subfield>
    <subfield code="o">M966p</subfield>
    <subfield code="p">2021-25421</subfield>
    <subfield code="r">2021-08-09</subfield>
    <subfield code="t">e.3</subfield>
    <subfield code="w">2021-08-09</subfield>
    <subfield code="y">LBS1</subfield>
  </datafield>
  <datafield tag="952" ind1=" " ind2=" ">
    <subfield code="0">0</subfield>
    <subfield code="1">0</subfield>
    <subfield code="2">ddc</subfield>
    <subfield code="5">6</subfield>
    <subfield code="7">0</subfield>
    <subfield code="8">DS</subfield>
    <subfield code="a">BNPHU</subfield>
    <subfield code="b">BNPHU</subfield>
    <subfield code="c">HD</subfield>
    <subfield code="d">2023-08-04</subfield>
    <subfield code="e">Despacho BNPHU</subfield>
    <subfield code="l">0</subfield>
    <subfield code="o">BNPHU DS M966p</subfield>
    <subfield code="p">2023-8302</subfield>
    <subfield code="r">2023-12-07</subfield>
    <subfield code="t">e. 4</subfield>
    <subfield code="w">2021-08-09</subfield>
    <subfield code="y">LBS1</subfield>
  </datafield>
  <datafield tag="952" ind1=" " ind2=" ">
    <subfield code="0">0</subfield>
    <subfield code="1">0</subfield>
    <subfield code="2">ddc</subfield>
    <subfield code="5">6</subfield>
    <subfield code="7">0</subfield>
    <subfield code="8">DS</subfield>
    <subfield code="a">BNPHU</subfield>
    <subfield code="b">BNPHU</subfield>
    <subfield code="c">HD</subfield>
    <subfield code="d">2023-08-04</subfield>
    <subfield code="e">Despacho BNPHU</subfield>
    <subfield code="l">0</subfield>
    <subfield code="o">BNPHU DS M966p</subfield>
    <subfield code="p">2023-8303</subfield>
    <subfield code="r">2023-12-07</subfield>
    <subfield code="t">e. 5</subfield>
    <subfield code="w">2021-08-09</subfield>
    <subfield code="y">LBS1</subfield>
  </datafield>
  <datafield tag="999" ind1=" " ind2=" ">
    <subfield code="c">48679</subfield>
    <subfield code="d">48679</subfield>
  </datafield>
</record>
